Efektívnosť využitia recyklácie pre potreby opätovného získavania základných surovín diplomová práca

Salvato in:
Dettagli Bibliografici
Autore principale: Šajbidor, Roman
Ente Autore: Fakulta hospodárskej informatiky EU. Katedra operačného výskumu a ekonometrie
Altri autori: Gežík, Pavel, 1983-
Natura: Libro
Lingua:slovacco
Pubblicazione: Bratislava 2013
Tags: Aggiungi Tag
Nessun Tag, puoi essere il primo ad aggiungerne!!

MARC

LEADER 00000nbm a2200000 4500
001 0171778
005 20161109102457.6
041 0 |a slo 
044 |a SK 
245 1 0 |a Efektívnosť využitia recyklácie pre potreby opätovného získavania základných surovín  |b diplomová práca  |c Roman Šajbidor ; školiteľ: Pavel Gežík 
264 1 |a Bratislava  |c 2013 
300 |a 69 s. 
100 1 |a Šajbidor, Roman 
700 1 |a Gežík, Pavel, 1983- 
710 2 |a Fakulta hospodárskej informatiky EU. Katedra operačného výskumu a ekonometrie